[Event "Palafrugell Gelpi Memorial 30th"]
[Site "Palafrugell"]
[Date "2017.10.28"]
[Round "6"]
[White "Lopez Burgos, Salvador"]
[Black "Ferrer Blanc, Francesc"]
[Result "1-0"]
[WhiteElo "1982"]
[BlackElo "1589"]
[PlyCount "62"]
[EventDate "2017.09.23"]
[EventType "swiss"]
[EventRounds "9"]
[EventCountry "ESP"]
[SourceTitle "CBM 187 Extra"]
[Source "ChessBase"]
[SourceDate "2018.11.04"]
[SourceVersion "1"]
[SourceVersionDate "2018.11.04"]
[SourceQuality "1"]

1. b3 e5 2. Bb2 d5 3. Bxe5 Nc6 4. Bb2 Nf6 5. e3 Be7 6. f4 0-0 7. Nf3 b6 8. Bb5 Bb7 9. 0-0 a6 10. Bxc6 Bxc6 11. Nd4 Qd7 12. Nc3 Bb7 13. Nf3 Rad8 14. Ne5 Qd6 15. Ne2 Ne4 16. d3 Nc5 17. Ng3 f5 18. Qh5 Qe6 19. Rae1 Nd7 20. Nf3 g6 21. Qh6 Bf6 22. Ng5 Qe7 23. Bxf6 Nxf6 24. h3 Kh8 25. Qh4 Kg7 26. Nxh7 Rh8 27. Qxf6+ Qxf6 28. Nxf6 Kxf6 29. e4 dxe4 30. dxe4 fxe4 31. Nxe4+ Kf7 1-0

[Event "Palafrugell Gelpi Memorial 30th"]
[Site "Palafrugell"]
[Date "2017.10.21"]
[Round "5"]
[White "Pages Lopez, David"]
[Black "Lopez Burgos, Salvador"]
[Result "1-0"]
[WhiteElo "1812"]
[BlackElo "1982"]
[PlyCount "81"]
[EventDate "2017.09.23"]
[EventType "swiss"]
[EventRounds "9"]
[EventCountry "ESP"]
[SourceTitle "CBM 187 Extra"]
[Source "ChessBase"]
[SourceDate "2018.11.04"]
[SourceVersion "1"]
[SourceVersionDate "2018.11.04"]
[SourceQuality "1"]

1. e4 c5 2. Nf3 Nc6 3. Nc3 g6 4. h4 h5 5. Bc4 d6 6. d4 cxd4 7. Nxd4 Bg7 8. Be3 Nf6 9. f3 a6 10. Qe2 Qa5 11. 0-0-0 Ne5 12. Bb3 Bd7 13. Kb1 Rc8 14. f4 Bg4 15. Nf3 Ned7 16. Bd4 0-0 17. e5 Nh7 18. e6 fxe6 19. Bxe6+ Kh8 20. Bxd7 Bxd7 21. Qxe7 Bxd4 22. Rxd4 Bf5 23. Rxd6 Rfe8 24. Qf7 Rf8 25. Qb3 b5 26. Nd4 Qc7 27. Nxf5 Rxf5 28. Rxg6 Qxf4 29. a3 Nf6 30. Rd1 Rc4 31. g3 Qf3 32. Rd3 Qh1+ 33. Ka2 Rf1 34. Rd1 Ne4 35. Rxf1 Nxc3+ 36. bxc3 Qxf1 37. Rxa6 Qf2 38. Rh6+ Kg7 39. Rxh5 Qe3 40. Qxb5 Rc5 41. Qxc5 1-0

[Event "Palafrugell Gelpi Memorial 30th"]
[Site "Palafrugell"]
[Date "2017.10.07"]
[Round "3"]
[White "Bou Janoher, Ernest"]
[Black "Lopez Burgos, Salvador"]
[Result "0-1"]
[WhiteElo "1726"]
[BlackElo "1982"]
[PlyCount "68"]
[EventDate "2017.09.23"]
[EventType "swiss"]
[EventRounds "9"]
[EventCountry "ESP"]
[SourceTitle "CBM 187 Extra"]
[Source "ChessBase"]
[SourceDate "2018.11.04"]
[SourceVersion "1"]
[SourceVersionDate "2018.11.04"]
[SourceQuality "1"]

1. d4 Nf6 2. Nf3 e6 3. e3 b6 4. g3 Bb7 5. Bg2 Be7 6. 0-0 0-0 7. b3 Ne4 8. Bb2 f5 9. Nbd2 Bf6 10. c4 d6 11. Rc1 Nd7 12. Ba1 Qe7 13. Ne1 c5 14. f3 Nxd2 15. Qxd2 Rad8 16. f4 Nb8 17. Nc2 d5 18. Qf2 dxc4 19. bxc4 Bxg2 20. Qxg2 Qc7 21. d5 exd5 22. cxd5 Bxa1 23. Rxa1 Qf7 24. Rad1 Nd7 25. e4 fxe4 26. Ne3 Nf6 27. d6 Qe6 28. f5 Qe5 29. Nc4 Qc3 30. Qe2 Rd7 31. Rf4 Rfd8 32. g4 h6 33. Kg2 b5 34. Nd2 Rxd6 0-1

[Event "Palafrugell Gelpi Memorial 28th"]
[Site "Palafrugell"]
[Date "2015.??.??"]
[Round "3"]
[White "Balague Canadell, Jordi"]
[Black "Lopez Burgos, Salvador"]
[Result "1-0"]
[WhiteElo "2198"]
[BlackElo "2113"]
[PlyCount "97"]
[EventDate "2015.09.26"]
[EventType "swiss"]
[EventRounds "9"]
[EventCountry "ESP"]
[SourceTitle "EXT 2017"]
[Source "ChessBase"]
[SourceDate "2016.10.25"]
[SourceVersion "1"]
[SourceVersionDate "2016.10.25"]
[SourceQuality "1"]

1. d4 Nf6 2. c4 e6 3. Nf3 b6 4. a3 Bb7 5. Nc3 Be7 6. d5 0-0 7. e4 d6 8. Be2 e5 9. 0-0 a5 10. Ne1 Na6 11. Nd3 Nc5 12. Bf3 Nfd7 13. Be3 Bg5 14. Bxg5 Qxg5 15. Nb5 Nxd3 16. Qxd3 Nc5 17. Qc2 Qe7 18. b4 Na6 19. Rab1 Bc8 20. Nc3 Bd7 21. Qe2 f5 22. exf5 Bxf5 23. Be4 Bxe4 24. Nxe4 h6 25. f3 axb4 26. axb4 Nb8 27. Ra1 Nd7 28. Qc2 Rfb8 29. Rfc1 Qf8 30. Rxa8 Rxa8 31. c5 dxc5 32. bxc5 Nxc5 33. Nxc5 Qxc5+ 34. Qxc5 bxc5 35. Rxc5 Rd8 36. Kf2 Rd7 37. Ke3 Kf7 38. Ke4 Re7 39. Rc6 g6 40. g4 Kg7 41. h4 h5 42. gxh5 gxh5 43. Kf5 Rf7+ 44. Kxe5 Rxf3 45. Rxc7+ Kg6 46. d6 Rd3 47. d7 Rd1 48. Rc6+ Kf7 49. Rd6 1-0

[Event "Palafrugell Gelpi Memorial 28th"]
[Site "Palafrugell"]
[Date "2015.??.??"]
[Round "9"]
[White "Carraminana Puig, Jordi"]
[Black "Lopez Burgos, Salvador"]
[Result "0-1"]
[WhiteElo "1937"]
[BlackElo "2113"]
[PlyCount "152"]
[EventDate "2015.09.26"]
[EventType "swiss"]
[EventRounds "9"]
[EventCountry "ESP"]
[SourceTitle "EXT 2017"]
[Source "ChessBase"]
[SourceDate "2016.10.25"]
[SourceVersion "1"]
[SourceVersionDate "2016.10.25"]
[SourceQuality "1"]

1. d4 Nf6 2. c4 e6 3. Nf3 b6 4. g3 Bb7 5. Bg2 Be7 6. 0-0 0-0 7. Nc3 d6 8. Re1 Nbd7 9. a3 a5 10. Rb1 Ne4 11. Qd3 f5 12. b4 Nxc3 13. Qxc3 Be4 14. Rb2 Bf6 15. Nd2 Bxg2 16. Kxg2 e5 17. e3 e4 18. f3 Qe7 19. f4 g6 20. Rc2 c5 21. Nb1 cxd4 22. exd4 Rfc8 23. Be3 d5 24. Qb3 Qf7 25. Rec1 dxc4 26. Rxc4 Rxc4 27. Qxc4 Qxc4 28. Rxc4 axb4 29. axb4 Ra2+ 30. Kh3 Kf7 31. Nc3 Rb2 32. Nd5 Rb3 33. Rc6 Rd3 34. Rc3 Rxc3 35. Nxc3 Ke6 36. Kg2 Kd6 37. Kf2 Nf8 38. Na4 Kc6 39. d5+ Kxd5 40. Nxb6+ Kc6 41. Bc5 Ne6 42. Nc4 Nxc5 43. bxc5 Kxc5 44. Nd2 Bc3 45. Nf1 Bd4+ 46. Ke2 Kc4 47. Nd2+ Kc3 48. Nb1+ Kc2 49. Nd2 Bc5 50. Nf1 Bg1 51. h4 Kc3 52. Nd2 Kd4 53. Nb3+ Kd5 54. Nd2 Ke6 55. Nf1 Kf6 56. Nd2 Kg7 57. Nc4 Bd4 58. Nd6 Bc5 59. Nc4 Kf6 60. Nd2 h6 61. Nc4 g5 62. hxg5+ hxg5 63. Ne5 Bd4 64. Nc6 Bc3 65. Na7 gxf4 66. gxf4 Ba5 67. Nb5 Bb6 68. Nc3 Ke6 69. Nb5 Bc5 70. Nc3 Bb4 71. Nb5 Kf6 72. Ke3 Bc5+ 73. Ke2 Kg6 74. Nc7 Kh5 75. Ne6 Bd6 76. Ke3 Kg4 0-1

[Event "Palafrugell Gelpi Memorial 28th"]
[Site "Palafrugell"]
[Date "2015.??.??"]
[Round "5"]
[White "Salomon, Emmanuel Yves"]
[Black "Lopez Burgos, Salvador"]
[Result "1/2-1/2"]
[WhiteElo "1909"]
[BlackElo "2113"]
[PlyCount "95"]
[EventDate "2015.09.26"]
[EventType "swiss"]
[EventRounds "9"]
[EventCountry "ESP"]
[SourceTitle "EXT 2017"]
[Source "ChessBase"]
[SourceDate "2016.10.25"]
[SourceVersion "1"]
[SourceVersionDate "2016.10.25"]
[SourceQuality "1"]

1. e4 c5 2. Nf3 Nc6 3. d4 cxd4 4. c3 d3 5. Bxd3 d6 6. h3 Nf6 7. Bg5 e6 8. Nbd2 Be7 9. Qc2 a6 10. 0-0 h6 11. Bh4 e5 12. Rfe1 g5 13. Bg3 Nh5 14. Bh2 g4 15. hxg4 Bxg4 16. Bc4 Qd7 17. Qd3 Rg8 18. Kh1 Rg7 19. Bd5 Bg5 20. Nc4 Rd8 21. Rad1 Bxf3 22. Qxf3 Nf4 23. Bxf4 Bxf4 24. Rd3 b5 25. Ne3 Bxe3 26. Qxe3 Ke7 27. Qh3 Rdg8 28. Qxd7+ Kxd7 29. g3 Rf8 30. Red1 Rg6 31. Rf3 Nd8 32. Rf5 Ke7 33. Kg2 Rf6 34. Rh5 Rh8 35. Rh3 Rg6 36. Rdh1 Ne6 37. Bxe6 Kxe6 38. Rh5 f6 39. Kf3 d5 40. Ke3 dxe4 41. Kxe4 Rg4+ 42. f4 exf4 43. gxf4 Rg2 44. f5+ Ke7 45. R5h2 Rxh2 46. Rxh2 h5 47. Rh4 Kd6 48. Kd4 1/2-1/2

[Event "Palafrugell Gelpi Memorial 27th"]
[Site "Palafrugell"]
[Date "2012.10.13"]
[Round "4"]
[White "Lopez Burgos, Salvador"]
[Black "Parals Marce, Luis"]
[Result "0-1"]
[WhiteElo "1967"]
[BlackElo "2021"]
[PlyCount "134"]
[EventDate "2012.09.22"]
[EventType "swiss"]
[EventRounds "9"]
[EventCountry "ESP"]
[SourceTitle "EXT 2014"]
[Source "ChessBase"]
[SourceDate "2013.11.20"]
[SourceVersion "1"]
[SourceVersionDate "2013.11.20"]
[SourceQuality "1"]

1. b3 e5 2. Bb2 Nc6 3. e3 d6 4. c4 g6 5. Nc3 Bg7 6. Be2 Nge7 7. Bf3 0-0 8. Nge2 f5 9. d3 g5 10. Qd2 e4 11. Bh5 exd3 12. Qxd3 Ne5 13. Qd2 Ng4 14. Bxg4 fxg4 15. Ng3 Qe8 16. Nd5 Nxd5 17. Qxd5+ Qf7 18. Qxf7+ Rxf7 19. Bxg7 Kxg7 20. Ne4 Kg6 21. Rd1 Bd7 22. Nc3 Raf8 23. 0-0 h5 24. Nd5 Be6 25. g3 a5 26. a4 Rh8 27. Rd2 h4 28. Kg2 Bf5 29. Nc3 Rfh7 30. Rg1 hxg3 31. hxg3 Bd7 32. Nd5 Bf5 33. Nc3 Bd7 34. Rgd1 b6 35. Nd5 Bc6 36. Kf1 Rf8 37. Kg1 Kf5 38. Kg2 Rfh8 39. Kf1 Rh1+ 40. Ke2 Rxd1 41. Rxd1 Rh7 42. e4+ Ke5 43. Ke3 Rf7 44. Rh1 Rf3+ 45. Ke2 Bxd5 46. exd5 Rxb3 47. Rh7 Kd4 48. Rxc7 Rb2+ 49. Ke1 Kd3 50. Kf1 Rb4 51. Rc6 Rxc4 52. Rxb6 Rxa4 53. Rxd6 Rd4 54. Ra6 Rxd5 55. Kg2 Kc4 56. f4 gxf3+ 57. Kxf3 Kb5 58. Ra8 a4 59. Ke4 Rc5 60. Kd4 Rc4+ 61. Ke3 Kb4 62. Rb8+ Kc3 63. Ra8 Kb3 64. Ra5 a3 65. Rxg5 a2 66. Ra5 Ra4 67. Rb5+ Kc4 0-1

[Event "Joan Gelpi Memorial 19th"]
[Site "Calella"]
[Date "2004.10.02"]
[Round "3"]
[White "Lopez Burgos, Salvador"]
[Black "Cano Martinez, Felix"]
[Result "1-0"]
[WhiteElo "2075"]
[BlackElo "1860"]
[PlyCount "57"]
[EventDate "2004.09.19"]
[EventType "swiss"]
[EventRounds "9"]
[EventCountry "ESP"]
[SourceTitle "CBM 103 Extra"]
[Source "ChessBase"]
[SourceDate "2005.01.01"]
[SourceVersion "1"]
[SourceVersionDate "2005.01.01"]
[SourceQuality "1"]

1. e4 c5 2. Nf3 e6 3. Nc3 Nf6 4. d4 cxd4 5. Nxd4 Nc6 6. Be3 a6 7. a3 g6 8. Qd2 Bg7 9. f3 0-0 10. h4 d5 11. Nxc6 bxc6 12. 0-0-0 Qc7 13. Bh6 Rd8 14. Bxg7 Kxg7 15. h5 Nxh5 16. g4 Nf4 17. Qh2 Rh8 18. Qh6+ Kg8 19. Qg5 Bb7 20. e5 d4 21. Ne4 Nd5 22. Rxd4 c5 23. Rc4 Qa5 24. Bd3 h6 25. Qd2 Qxd2+ 26. Kxd2 Rc8 27. Rxc5 Rxc5 28. Nxc5 Nc7 29. Nxb7 1-0